KONFLIK GAZA DAN MISI KEMANUSIAAN FREEDOM FLOTILLA / (Record no. 181417)
[ view plain ]
| 000 -LEADER | |
|---|---|
| fixed length control field | 01334nam a2200397 i 4500 |
| 001 - CONTROL NUMBER | |
| control field | vtls000894138 |
| 003 - CONTROL NUMBER IDENTIFIER | |
| control field | PNM |
| 005 - DATE AND TIME OF LATEST TRANSACTION | |
| control field | 20210414142900.0 |
| 008 - FIXED-LENGTH DATA ELEMENTS--GENERAL INFORMATION | |
| fixed length control field | 191231t20202020my e a001 0 may |
| 015 ## - NATIONAL BIBLIOGRAPHY NUMBER | |
| National bibliography number | M201-00747 |
| 020 ## - INTERNATIONAL STANDARD BOOK NUMBER | |
| International Standard Book Number | 9789674881276 |
| Qualifying information | paperback |
| Terms of availability | RM56.00 |
| 039 #9 - LEVEL OF BIBLIOGRAPHIC CONTROL AND CODING DETAIL [OBSOLETE] | |
| Level of rules in bibliographic description | 202007130921 |
| Level of effort used to assign nonsubject heading access points | irfah |
| Level of effort used to assign subject headings | 202007091523 |
| Level of effort used to assign classification | hisyamuddin_m |
| Level of effort used to assign subject headings | 202004071328 |
| Level of effort used to assign classification | fatin_e |
| Level of effort used to assign subject headings | 202003041140 |
| Level of effort used to assign classification | ain |
| 040 ## - CATALOGING SOURCE | |
| Original cataloging agency | BNM |
| Language of cataloging | eng |
| Transcribing agency | BNM |
| Modifying agency | PNM |
| -- | PPAK |
| Description conventions | rda |
| 049 ## - LOCAL HOLDINGS (OCLC) | |
| Holding library | mal |
| 082 04 - DEWEY DECIMAL CLASSIFICATION NUMBER | |
| Classification number | 956.94054 |
| Edition number | 23 |
| 090 00 - LOCALLY ASSIGNED LC-TYPE CALL NUMBER (OCLC); LOCAL CALL NUMBER (RLIN) | |
| Classification number (OCLC) (R) ; Classification number, CALL (RLIN) (NR) | 956.94054 |
| Feature heading | MRM |
| Feature heading | G |
| 100 0# - MAIN ENTRY--PERSONAL NAME | |
| Personal name | Mohd. Roslan Mohd. Nor, |
| Relator term | author. |
| 245 10 - TITLE STATEMENT | |
| Title | KONFLIK GAZA DAN MISI KEMANUSIAAN FREEDOM FLOTILLA / |
| Statement of responsibility, etc. | Mohd Roslan Mohd Nor, Ruzanah Mohd Rozi |
| 264 #1 - PRODUCTION, PUBLICATION, DISTRIBUTION, MANUFACTURE, AND COPYRIGHT NOTICE | |
| Place of production, publication, distribution, manufacture | KUALA LUMPUR : |
| Name of producer, publisher, distributor, manufacturer | Penerbit Universiti Malaya, |
| Date of production, publication, distribution, manufacture, or copyright notice | 2020 |
| Date of production, publication, distribution, manufacture, or copyright notice | ©2020 |
| 300 ## - PHYSICAL DESCRIPTION | |
| Extent | xv, 160 pages ; |
| Dimensions | 23 cm |
| 336 ## - CONTENT TYPE | |
| Content type term | text |
| Source | rdacontent |
| 337 ## - MEDIA TYPE | |
| Media type term | unmediated |
| Source | rdamedia |
| 338 ## - CARRIER TYPE | |
| Carrier type term | volume |
| Source | rdacarrier |
| 500 ## - GENERAL NOTE | |
| General note | Includes index |
| 504 ## - BIBLIOGRAPHY, ETC. NOTE | |
| Bibliography, etc. note | Bibliography: pages 149-157 |
| 650 10 - SUBJECT ADDED ENTRY--TOPICAL TERM | |
| Topical term or geographic name entry element | Gaza War, 2008-2009 |
| Topical term or geographic name entry element | Arab-Israeli conflict |
| Chronological subdivision | 1993- |
| Topical term or geographic name entry element | Humanitarianism |
| Topical term or geographic name entry element | Government publications |
| Geographic subdivision | Malaysia |
| 700 0# - ADDED ENTRY--PERSONAL NAME | |
| Personal name | Ruzanah Mohd. Rozi, |
| Relator term | author. |
| 942 ## - ADDED ENTRY ELEMENTS (KOHA) | |
| Source of classification or shelving scheme | Dewey Decimal Classification |
| Koha item type | Book |
| 949 ## - LOCAL PROCESSING INFORMATION (OCLC) | |
| 6 | 2000718651 |
| a | 956.94054 MRM D |
| 6 | 2000718650 |
| a | 956.94054 MRM D |
| 6 | 1001346393 |
| a | 956.94054 MRM D |
| e | 2672221 |
| Withdrawn | Not for loan | Current library | Shelving location | Date acquired | Total Checkouts | Full call number | Barcode | Date last seen | Date last checked out | Koha item type | Total Renewals |
|---|---|---|---|---|---|---|---|---|---|---|---|
| Perpustakaan Alor Setar | Pinjaman Dewasa | 26/04/2021 | 3 | 956.94054 MRM | A01688168 | 27/10/2025 | 13/10/2025 | Book | |||
| Perpustakaan Awam Sungai Petani | Pinjaman Dewasa | 26/04/2021 | 1 | 956.94054 MRM | A01688169 | 13/01/2024 | 09/12/2023 | Book | 1 | ||
| Perpustakaan Baling | Pinjaman Dewasa | 26/04/2021 | 5 | 956.94054 MRM | A01688171 | 30/09/2024 | 29/09/2024 | Book | 2 | ||
| Perpustakaan Bandar Baharu | Pinjaman Dewasa | 26/04/2021 | 956.94054 MRM | A01688172 | 26/04/2021 | Book | |||||
| Perpustakaan Kulim | Pinjaman Dewasa | 26/04/2021 | 1 | 956.94054 MRM | A01688170 | 04/12/2023 | 13/11/2023 | Book |